| 000 | 01972nam a22003497i 4500 | ||
|---|---|---|---|
| 001 | 768714001 | ||
| 003 | CO-MdFUSB | ||
| 005 | 20260224213216.0 | ||
| 007 | cr ||||ncaaaaa | ||
| 008 | 180403s2022 ck ||||| |||| 00| 0 spa dd | ||
| 040 |
_aCO-MdFUSB _bEspañol _cCO-MdFUSB _dCO-MdFUSB |
||
| 041 | _aspa | ||
| 043 | _ack | ||
| 100 |
_aZuleta Martínez, Andrés Arley, _eautor |
||
| 245 |
_aPrácticas de disciplinas espirituales en la iglesia : _bservicio y abstinencia _c/ Andrés Arley Zuleta Martínez , asesorado por Saskia Donner _h[electrónico] |
||
| 264 | 1 |
_aMedellín, Colombia : _bFUSBC, _c2022 |
|
| 300 | _aRecurso electrónico | ||
| 336 |
_2rdacontent _atexto _btxt |
||
| 337 |
_2rdamedia _ainformático _bc |
||
| 338 |
_2rdacarrier _aremoto _bcr |
||
| 502 |
_aTrabajo de grado _b(Teología) -- _cFundación Universitaria Seminario Bíblico de Colombia, _d2022 |
||
| 504 | _aBibliografía (página 50) | ||
| 505 | _aPráctica de la disciplina espiritual del siervo: Corazón de siervo. -- ¿Qué quieres que haga por ti? -- Amar es servir. -- Dotados para servir. -- Práctica de la disciplina espiritual - la abstinencia: ¿Qué es la disciplina espiritual de la abstinencia? -- Tiempo a solas con Dios. -- El silencio. -- El ayuno. | ||
| 520 | _aLas cuatro actividades que se presentan a continuación están diseñadas para que se realicen una parte en grupo y la otra parte de forma individual. La primera parte de la actividad es un estudio bíblico con el que se podrá explorar la verdad de la Escritura sobre el servicio. En la segunda parte de actividad se presentarán ejercicios prácticos que ayudarán al creyente a tener la oportunidad de aplicar el servicio de manera individual. | ||
| 535 | _aRecurso en REPCI | ||
| 590 | _aPréstamo en sala | ||
| 650 | 0 |
_aVida espiritual _951 |
|
| 700 |
_aDonner, Saskia _easesor _92718 |
||
| 856 |
_uhttps://repositorio.repci.co/handle/123456789/642 _aREPCI |
||
| 942 | _cTG | ||
| 999 |
_c69265 _d69265 |
||